[Event "Titled Tuesday intern op 14th Feb Early"]
[Site "Chess.com INT"]
[Date "2023.02.14"]
[Round "9"]
[White "Sadovsky, Artem"]
[Black "Willathgamuwa, Kevin"]
[Result "0-1"]
[WhiteElo "2276"]
[BlackElo "2062"]
[PlyCount "76"]
[EventDate "2023.02.14"]
[EventType "swiss (blitz)"]
[EventRounds "11"]
[EventCountry "USA"]
[SourceTitle "CBM 212 Extra"]
[Source "ChessBase"]
[SourceDate "2023.03.31"]
[SourceVersion "1"]
[SourceVersionDate "2023.03.31"]
[SourceQuality "1"]

1. Nf3 e6 2. e3 d5 3. c4 Nf6 4. b3 Be7 5. Bb2 0-0 6. Be2 b6 7. 0-0 Bb7 8. d3 c5 9. Qc2 Nc6 10. Nbd2 d4 11. e4 e5 12. Ne1 Bd6 13. g3 Bc8 14. Ng2 Bg4 15. f4 Bxe2 16. Rf2 Bg4 17. f5 Bh3 18. Nf3 Ng4 19. Ngh4 Nxf2 20. Qxf2 Bg4 21. Ne1 Qg5 22. Bc1 Qh5 23. Qg2 g5 24. h3 gxh4 25. gxh4 Qxh4 26. Nf3 Qxh3 27. Qxh3 Bxh3 28. Bh6 Kh8 29. Kh2 Bg4 30. Rg1 Rg8 31. Ng5 Bh5 32. f6 Bf8 33. Bxf8 Raxf8 34. Kh3 h6 35. Kh4 Rxg5 36. Rh1 Rfg8 37. Rh3 Be2 38. Rh2 Rh5# 0-1

[Event "Titled Tuesday intern op 14th Feb Early"]
[Site "Chess.com INT"]
[Date "2023.02.14"]
[Round "7"]
[White "Shubenkova, Veronika"]
[Black "Willathgamuwa, Kevin"]
[Result "1-0"]
[WhiteElo "2002"]
[BlackElo "2062"]
[PlyCount "145"]
[EventDate "2023.02.14"]
[EventType "swiss (blitz)"]
[EventRounds "11"]
[EventCountry "USA"]
[SourceTitle "CBM 212 Extra"]
[Source "ChessBase"]
[SourceDate "2023.03.31"]
[SourceVersion "1"]
[SourceVersionDate "2023.03.31"]
[SourceQuality "1"]

1. e4 e6 2. d4 d5 3. exd5 exd5 4. Nf3 Bd6 5. c3 Nc6 6. Bd3 Nge7 7. 0-0 Bg4 8. h3 Bh5 9. Nbd2 Qd7 10. b4 f6 11. a4 g5 12. Qb3 Bg6 13. Bb5 h5 14. Bxc6 bxc6 15. c4 g4 16. Nh4 gxh3 17. Qxh3 Qxh3 18. gxh3 Rg8 19. Nxg6 Rxg6+ 20. Kh1 Bxb4 21. cxd5 cxd5 22. Nf3 Kd7 23. Bf4 Rag8 24. Rab1 a5 25. Rfc1 c6 26. Nh4 R6g7 27. Rc2 Ng6 28. Bg3 Nxh4 29. Bxh4 f5 30. Rbc1 Rg6 31. Bg3 Re8 32. Be5 c5 33. f4 c4 34. Rg2 Reg8 35. Rxg6 Rxg6 36. Rc2 Rg3 37. Kh2 Rd3 38. Kg1 Rxh3 39. Rg2 c3 40. Rg7+ Ke6 41. Rg6+ Ke7 42. Rg7+ Kf8 43. Rc7 Rd3 44. Kf2 Rd2+ 45. Ke3 c2 46. Bd6+ Bxd6 47. Rc8+ Ke7 48. Kxd2 c1Q+ 49. Kxc1 Bxf4+ 50. Kc2 h4 51. Rh8 Bg3 52. Kd3 Kf6 53. Ke3 Kg5 54. Kf3 Be1 55. Rd8 h3 56. Rxd5 Bb4 57. Rd8 Be1 58. Rh8 Bh4 59. d5 f4 60. d6 h2 61. Kg2 Bg3 62. d7 Kg4 63. d8Q f3+ 64. Kf1 f2 65. Qd7+ Kf3 66. Qf5+ Bf4 67. Rxh2 Ke3 68. Rxf2 Kd4 69. Rxf4+ Kc3 70. Qh3+ Kd2 71. Rf2+ Kd1 72. Qd3+ Kc1 73. Qc2# 1-0

[Event "Titled Tuesday intern op 14th Feb Early"]
[Site "Chess.com INT"]
[Date "2023.02.14"]
[Round "2"]
[White "Willathgamuwa, Kevin"]
[Black "Vagman, Roy"]
[Result "0-1"]
[WhiteElo "2062"]
[BlackElo "2285"]
[PlyCount "78"]
[EventDate "2023.02.14"]
[EventType "swiss (blitz)"]
[EventRounds "11"]
[EventCountry "USA"]
[SourceTitle "CBM 212 Extra"]
[Source "ChessBase"]
[SourceDate "2023.03.31"]
[SourceVersion "1"]
[SourceVersionDate "2023.03.31"]
[SourceQuality "1"]

1. e4 d6 2. d4 g6 3. Nc3 Bg7 4. Be3 Nc6 5. Qd2 Nf6 6. f3 e5 7. Nge2 exd4 8. Nxd4 0-0 9. 0-0-0 Nxd4 10. Bxd4 Be6 11. h4 h5 12. Nd5 Nxd5 13. exd5 Bd7 14. g4 hxg4 15. h5 Bxd4 16. Qxd4 Qg5+ 17. f4 Qh6 18. Bg2 gxh5 19. Rxh5 Qxh5 20. Rh1 Qxh1+ 21. Bxh1 f5 22. Kd2 Rae8 23. Bg2 Rf7 24. Bf1 Re4 25. Qxa7 Rxf4 26. Bd3 g3 27. Qb8+ Kg7 28. Qxc7 g2 29. Qb6 Rg4 30. Qg1 f4 31. Qd4+ Rf6 32. Qe4 g1Q 33. Qh7+ Kf8 34. Qh8+ Ke7 35. Qh7+ Rg7 36. Qe4+ Kd8 37. Qb4 Qe3+ 38. Kc3 Qc5+ 39. Qxc5 dxc5 0-1

[Event "Titled Tuesday intern op 22nd Nov Late"]
[Site "Chess.com INT"]
[Date "2022.11.22"]
[Round "4"]
[White "Sabuk, Piotr"]
[Black "Willathgamuwa, Kevin"]
[Result "0-1"]
[WhiteElo "2426"]
[BlackElo "2062"]
[PlyCount "212"]
[EventDate "2022.11.22"]
[EventType "swiss (blitz)"]
[EventRounds "11"]
[EventCountry "USA"]
[SourceTitle "CBM 211 Extra"]
[Source "ChessBase"]
[SourceDate "2023.01.31"]
[SourceVersion "1"]
[SourceVersionDate "2023.01.31"]
[SourceQuality "1"]

1. e4 e6 2. d4 d5 3. exd5 exd5 4. Nf3 Bd6 5. Bd3 Nf6 6. Qe2+ Qe7 7. Qxe7+ Bxe7 8. Bf4 c6 9. 0-0 0-0 10. Re1 Re8 11. Nbd2 Bg4 12. a4 a5 13. Ne5 Bh5 14. c3 Nbd7 15. Nb3 Nxe5 16. Bxe5 Nd7 17. Bc7 b6 18. Bf5 Nf8 19. Bxb6 Rab8 20. Bc5 Rxb3 21. Rxe7 Rxe7 22. Bxe7 Rxb2 23. f3 Bg6 24. g4 Bxf5 25. gxf5 Rb3 26. Ra3 Rxa3 27. Bxa3 Nd7 28. Bd6 Nb6 29. Bc7 Nxa4 30. Bxa5 Kf8 31. Kf2 Nb2 32. Kg3 Ke7 33. Kg4 Nc4 34. Bc7 Ne3+ 35. Kf4 Nd1 36. Ba5 Nb2 37. h4 g6 38. Bc7 f6 39. Ba5 Nd3+ 40. Kg4 h5+ 41. Kg3 gxf5 42. Bc7 Ke6 43. Bd8 f4+ 44. Kg2 Kf5 45. Bc7 Nb2 46. Kf1 Nc4 47. Ke2 Ne3 48. Kd3 Ng2 49. c4 Nxh4 50. cxd5 cxd5 51. Ke2 Ng2 52. Kf2 Ne3 53. Bb8 h4 54. Kg1 Kg5 55. Kh2 Nf5 56. Ba7 Ng3 57. Kh3 Nf1 58. Bb6 Ne3 59. Ba5 Nf5 60. Bb6 Ne7 61. Ba5 Ng6 62. Be1 f5 63. Ba5 Kf6 64. Bd8+ Ke6 65. Bxh4 Kd6 66. Bf6 Kc6 67. Bg7 Kb5 68. Bf6 Kc4 69. Bg7 Kd3 70. Bf6 Ke2 71. Kg2 Nf8 72. Bg7 Ne6 73. Be5 Ke3 74. Bb8 Nxd4 75. Ba7 Kd3 76. Kf2 Nc2 77. Bb8 d4 78. Bxf4 Kc3 79. Ke2 d3+ 80. Kd1 Nd4 81. Be5 Kc4 82. f4 Nf3 83. Bb2 Kd5 84. Ba3 Ke4 85. Bd6 Nd4 86. Kd2 Ne6 87. Bb8 Nxf4 88. Kd1 Nd5 89. Kd2 f4 90. Ba7 f3 91. Ke1 Nf4 92. Kd2 Kf5 93. Ke3 Kg4 94. Kd2 Kg3 95. Ke1 Kg2 96. Bb6 Nd5 97. Bc5 Nc3 98. Ba7 Ne4 99. Kd1 f2 100. Bxf2 Kxf2 101. Kc1 Ke3 102. Kd1 d2 103. Kc2 Ke2 104. Kb3 d1Q+ 105. Kc4 Qd3+ 106. Kb4 Qc3+ 0-1

[Event "Titled Tuesday intern op 22nd Nov Late"]
[Site "Chess.com INT"]
[Date "2022.11.22"]
[Round "3"]
[White "Willathgamuwa, Kevin"]
[Black "Marcolino, Daniel Mattos"]
[Result "1-0"]
[WhiteElo "2062"]
[BlackElo "2006"]
[PlyCount "73"]
[EventDate "2022.11.22"]
[EventType "swiss (blitz)"]
[EventRounds "11"]
[EventCountry "USA"]
[SourceTitle "CBM 211 Extra"]
[Source "ChessBase"]
[SourceDate "2023.01.31"]
[SourceVersion "1"]
[SourceVersionDate "2023.01.31"]
[SourceQuality "1"]

1. e4 c6 2. Nc3 d5 3. d4 dxe4 4. Nxe4 Nd7 5. Nf3 Ngf6 6. Bd3 Nxe4 7. Bxe4 Nf6 8. Bd3 Bg4 9. c3 e6 10. h3 Bh5 11. 0-0 Be7 12. Bf4 0-0 13. Be2 Qb6 14. Ne5 Bxe2 15. Qxe2 Rfd8 16. Rad1 c5 17. dxc5 Bxc5 18. Bg5 Rxd1 19. Rxd1 Bxf2+ 20. Qxf2 Qxf2+ 21. Kxf2 Ne4+ 22. Ke3 Nxg5 23. Rd7 f6 24. Nc4 b5 25. Nd6 b4 26. h4 bxc3 27. bxc3 Nh3 28. gxh3 h5 29. Rc7 a5 30. Rc8+ Rxc8 31. Nxc8 Kf7 32. a4 g5 33. hxg5 fxg5 34. Nd6+ Kf6 35. Nc4 g4 36. hxg4 hxg4 37. Kf4 1-0

[Event "Titled Tuesday intern op 15th Nov Early"]
[Site "Chess.com INT"]
[Date "2022.11.15"]
[Round "1"]
[White "Willathgamuwa, Kevin"]
[Black "Itgelt, Khuyagtsogt"]
[Result "0-1"]
[WhiteElo "2062"]
[BlackElo "2204"]
[PlyCount "64"]
[EventDate "2022.11.15"]
[EventType "swiss (blitz)"]
[EventRounds "11"]
[EventCountry "USA"]
[SourceTitle "CBM 211 Extra"]
[Source "ChessBase"]
[SourceDate "2023.01.31"]
[SourceVersion "1"]
[SourceVersionDate "2023.01.31"]
[SourceQuality "1"]

1. e4 e6 2. d4 d5 3. e5 c5 4. c3 Nc6 5. Nf3 Bd7 6. Be2 Nge7 7. 0-0 Nf5 8. a3 Qb6 9. dxc5 Bxc5 10. b4 Be7 11. Bb2 Rc8 12. Nbd2 h5 13. c4 d4 14. Nb3 f6 15. c5 Qc7 16. Nfxd4 Nfxd4 17. Bxd4 Nxe5 18. Bxh5+ Kf8 19. Bxe5 Qxe5 20. Qxd7 Rd8 21. Qxb7 Rxh5 22. g3 Qf5 23. Rfd1 Rd5 24. Qc8+ Kf7 25. Rxd5 Qxd5 26. Rb1 Qd3 27. Rb2 Re5 28. Qc6 Re1+ 29. Kg2 Qf1+ 30. Kf3 Qh1+ 31. Kg4 Qxc6 32. Nd4 Re4+ 0-1

[Event "Titled Tuesday intern op 22nd Feb Late"]
[Site "Chess.com INT"]
[Date "2022.02.22"]
[Round "1"]
[White "Hambleton, Aman"]
[Black "Willathgamuwa, Kevin"]
[Result "1-0"]
[WhiteElo "2454"]
[BlackElo "2062"]
[PlyCount "65"]
[EventDate "2022.02.22"]
[EventType "swiss (blitz)"]
[EventRounds "11"]
[EventCountry "USA"]
[SourceTitle "CBM 207 Extra"]
[Source "ChessBase"]
[SourceDate "2022.05.31"]
[SourceVersion "1"]
[SourceVersionDate "2022.05.31"]
[SourceQuality "1"]

1. d4 Nf6 2. c4 e5 3. dxe5 Ng4 4. Nh3 Nxe5 5. e3 Nbc6 6. Be2 Bc5 7. Nf4 0-0 8. 0-0 d6 9. Nc3 Be6 10. b3 Ne7 11. Na4 Bb6 12. Bb2 N5g6 13. Nxb6 axb6 14. Bf3 Nxf4 15. exf4 d5 16. f5 Bxf5 17. Qd4 f6 18. cxd5 Qd6 19. a4 Ra5 20. Ba3 Qd7 21. Rfe1 Re8 22. Bb4 Raa8 23. Rad1 Rad8 24. h3 Nc8 25. Rxe8+ Rxe8 26. d6 c5 27. Qd5+ Be6 28. Qxb7 cxb4 29. Qa6 Bxb3 30. Rd2 Bxa4 31. Qa8 Nxd6 32. Qd5+ Qf7 33. Qxd6 1-0

[Event "Titled Tuesday intern op 22nd Feb Late"]
[Site "Chess.com INT"]
[Date "2022.02.22"]
[Round "11"]
[White "Novikov, Evgenij"]
[Black "Willathgamuwa, Kevin"]
[Result "1-0"]
[WhiteElo "2276"]
[BlackElo "2062"]
[PlyCount "81"]
[EventDate "2022.02.22"]
[EventType "swiss (blitz)"]
[EventRounds "11"]
[EventCountry "USA"]
[SourceTitle "CBM 207 Extra"]
[Source "ChessBase"]
[SourceDate "2022.05.31"]
[SourceVersion "1"]
[SourceVersionDate "2022.05.31"]
[SourceQuality "1"]

1. e4 g6 2. d4 Bg7 3. Be3 c5 4. c3 d5 5. Bb5+ Bd7 6. Bxd7+ Qxd7 7. exd5 Qxd5 8. Qf3 Qxf3 9. Nxf3 cxd4 10. Bxd4 Bxd4 11. Nxd4 Nc6 12. Nxc6 bxc6 13. Nd2 Nf6 14. 0-0-0 0-0-0 15. Rhe1 e6 16. f3 Nd5 17. Ne4 Kc7 18. g3 h6 19. Kc2 Rhe8 20. a3 f5 21. Nc5 e5 22. c4 Nf6 23. Rxd8 Kxd8 24. b4 Kc7 25. a4 g5 26. b5 Kb6 27. Nb3 cxb5 28. axb5 Nd7 29. Rd1 Kc7 30. Ra1 Kb7 31. Na5+ Kb6 32. Nc6 Nc5 33. Rxa7 e4 34. fxe4 fxe4 35. Re7 Rf8 36. Nb4 Rf2+ 37. Kc3 Na4+ 38. Kd4 Rd2+ 39. Ke5 Rxh2 40. Nd5+ Kc5 41. Rc7# 1-0

[Event "Titled Tuesday intern op 22nd Feb Late"]
[Site "Chess.com INT"]
[Date "2022.02.22"]
[Round "5"]
[White "Willathgamuwa, Kevin"]
[Black "Kopczynski, Michal"]
[Result "0-1"]
[WhiteElo "2062"]
[BlackElo "2225"]
[PlyCount "138"]
[EventDate "2022.02.22"]
[EventType "swiss (blitz)"]
[EventRounds "11"]
[EventCountry "USA"]
[SourceTitle "CBM 207 Extra"]
[Source "ChessBase"]
[SourceDate "2022.05.31"]
[SourceVersion "1"]
[SourceVersionDate "2022.05.31"]
[SourceQuality "1"]

1. e4 c5 2. c3 d5 3. exd5 Qxd5 4. d4 cxd4 5. cxd4 Nc6 6. Nf3 Bg4 7. Be2 e6 8. Nc3 Bb4 9. 0-0 Bxc3 10. bxc3 Nge7 11. h3 Bf5 12. Be3 0-0 13. c4 Qd7 14. Qb3 Rfd8 15. Rfd1 h6 16. Ne5 Nxe5 17. dxe5 Qc7 18. f4 Rxd1+ 19. Rxd1 Be4 20. Bf2 Qc6 21. Rd6 Qc7 22. Bf3 Bxf3 23. Qxf3 Nf5 24. Rd1 Rc8 25. g4 Ne7 26. Rc1 Rd8 27. Qe3 Nc6 28. Qe4 Rd2 29. a4 Qd7 30. Rb1 Rd1+ 31. Kg2 Rxb1 32. Qxb1 b6 33. Qb5 Qb7 34. Kf1 Na5 35. c5 Qh1+ 36. Ke2 Qe4+ 37. Be3 Nc4 38. Qe8+ Kh7 39. Qxf7 Qxe3+ 40. Kf1 Nd2+ 41. Kg2 Qf3+ 42. Kg1 Qg3+ 43. Kh1 Qxh3+ 44. Kg1 Qxg4+ 45. Kf2 Ne4+ 46. Ke3 Nxc5 47. f5 Qxf5 48. Qxa7 Qxe5+ 49. Kf3 Qd5+ 50. Kf4 Qe4+ 51. Kg3 Qxa4 52. Qxb6 Qb3+ 53. Qxb3 Nxb3 54. Kf4 Nc5 55. Ke5 h5 56. Kd6 h4 57. Ke7 h3 58. Kf8 h2 59. Ke7 h1Q 60. Kf7 Qf3+ 61. Ke7 e5 62. Kd6 e4 63. Ke5 e3 64. Kd4 e2 65. Kc4 e1Q 66. Kb5 Qd3+ 67. Kc6 Qe6+ 68. Kc7 Qdd7+ 69. Kb8 Qb7# 0-1

[Event "Titled Tuesday intern op 20th Apr"]
[Site "Chess.com INT"]
[Date "2021.04.20"]
[Round "9"]
[White "Cella, Glaucio Dalla Cortt"]
[Black "Willathgamuwa, Kevin"]
[Result "1/2-1/2"]
[WhiteElo "1961"]
[BlackElo "2062"]
[PlyCount "71"]
[EventDate "2021.04.20"]
[EventType "swiss (blitz)"]
[EventRounds "11"]
[EventCountry "USA"]
[SourceTitle "CBM 202 Extra"]
[Source "ChessBase"]
[SourceDate "2021.07.31"]
[SourceVersion "1"]
[SourceVersionDate "2021.07.31"]
[SourceQuality "1"]

1. e4 g6 2. d4 Bg7 3. Bd3 Bxd4 4. h4 h5 5. g4 hxg4 6. Qxg4 d5 7. Qg2 dxe4 8. Bxe4 c6 9. Ne2 Bg7 10. h5 Nf6 11. hxg6 Rxh1+ 12. Qxh1 Nxe4 13. gxf7+ Kxf7 14. Qxe4 Qd5 15. Nbc3 Qxe4 16. Nxe4 Bf5 17. N2g3 Bg6 18. c3 Nd7 19. Ng5+ Kf6 20. Be3 Ne5 21. 0-0-0 Nd3+ 22. Kd2 Nxb2 23. Rg1 Nc4+ 24. Ke2 Nxe3 25. N3e4+ Ke5 26. Kxe3 Bh6 27. f4+ Kd5 28. Rd1+ Kc4 29. Rd4+ Kb5 30. Rb4+ Ka6 31. Nc5+ Ka5 32. Nxb7+ Ka6 33. Nc5+ Ka5 34. Nb7+ Ka6 35. Nc5+ Ka5 36. Nb7+ 1/2-1/2

[Event "Titled Tuesday intern op 23rd Feb"]
[Site "Chess.com INT"]
[Date "2021.02.23"]
[Round "9"]
[White "Willathgamuwa, Kevin"]
[Black "Schut, Han"]
[Result "1-0"]
[WhiteElo "2062"]
[BlackElo "2101"]
[PlyCount "91"]
[EventDate "2021.02.23"]
[EventType "swiss (blitz)"]
[EventRounds "11"]
[EventCountry "USA"]
[SourceTitle "CBM 200 Extra"]
[Source "ChessBase"]
[SourceDate "2021.03.31"]
[SourceVersion "1"]
[SourceVersionDate "2021.03.31"]
[SourceQuality "1"]

1. e4 c5 2. c3 g6 3. d4 cxd4 4. cxd4 d5 5. exd5 Nf6 6. Nc3 Nxd5 7. Bc4 Nb6 8. Bb3 Bg7 9. Nf3 0-0 10. h3 Nc6 11. d5 Na5 12. Be3 Nxb3 13. Qxb3 e6 14. 0-0 exd5 15. Bxb6 Qxb6 16. Nxd5 Qxb3 17. axb3 Bxb2 18. Ra2 Bg7 19. Nb6 Rb8 20. Rxa7 Be6 21. b4 Rfd8 22. Rc1 Bd4 23. Nxd4 Rxd4 24. b5 Rb4 25. Rc5 h5 26. Kh2 h4 27. Ra4 Rb2 28. f3 Rd8 29. Rxh4 Rdd2 30. Rg5 Kg7 31. Nc4 Rb4 32. Nxd2 Rxh4 33. Ne4 f6 34. Rc5 f5 35. Rc7+ Kh6 36. Nc5 Bb3 37. Nxb3 Rb4 38. Nd2 Rxb5 39. Nc4 Rb1 40. Ne5 b5 41. Rc6 b4 42. Rxg6+ Kh7 43. Rb6 b3 44. Nc4 Rc1 45. Nd2 Rc2 46. Nxb3 1-0

[Event "Titled Tuesday intern op 16th Feb"]
[Site "Chess.com INT"]
[Date "2021.02.16"]
[Round "3"]
[White "Garcia Garcia, Alejandro"]
[Black "Willathgamuwa, Kevin"]
[Result "1-0"]
[WhiteElo "2247"]
[BlackElo "2062"]
[PlyCount "45"]
[EventDate "2021.02.16"]
[EventType "swiss (blitz)"]
[EventRounds "11"]
[EventCountry "USA"]
[SourceTitle "EXT 2022"]
[Source "ChessBase"]
[SourceDate "2021.10.06"]
[SourceVersion "1"]
[SourceVersionDate "2021.10.06"]
[SourceQuality "1"]

1. d4 d5 2. c4 e6 3. Nc3 Be7 4. Nf3 Nf6 5. Bf4 0-0 6. c5 b6 7. b4 a5 8. a3 axb4 9. axb4 Rxa1 10. Qxa1 Na6 11. Qa4 Ne4 12. Nd1 g5 13. Bg3 bxc5 14. bxc5 f5 15. Be5 g4 16. Nd2 Nxd2 17. Kxd2 Bxc5 18. dxc5 Nxc5 19. Qc6 Ne4+ 20. Ke1 Qe7 21. Qxc7 Qb4+ 22. Bc3 Qb1 23. Qg7# 1-0

[Event "Titled Tuesday intern op 16th Feb"]
[Site "Chess.com INT"]
[Date "2021.02.16"]
[Round "8"]
[White "Willathgamuwa, Kevin"]
[Black "Pandey, Srishti"]
[Result "0-1"]
[WhiteElo "2062"]
[BlackElo "2026"]
[PlyCount "64"]
[EventDate "2021.02.16"]
[EventType "swiss (blitz)"]
[EventRounds "11"]
[EventCountry "USA"]
[SourceTitle "EXT 2022"]
[Source "ChessBase"]
[SourceDate "2021.10.06"]
[SourceVersion "1"]
[SourceVersionDate "2021.10.06"]
[SourceQuality "1"]

1. e4 c5 2. c3 d5 3. exd5 Qxd5 4. d4 cxd4 5. cxd4 Nc6 6. Nf3 e5 7. Nc3 Bb4 8. dxe5 Qxd1+ 9. Kxd1 Bg4 10. Be2 0-0-0+ 11. Kc2 Bf5+ 12. Kb3 Bc5 13. Be3 Bxe3 14. fxe3 Nge7 15. Bb5 Be6+ 16. Ka3 Na5 17. b3 a6 18. Be2 b5 19. Rac1 Nac6 20. Kb2 Kb7 21. Rhd1 Nf5 22. Ne4 Nxe3 23. Nc5+ Kb6 24. Rd6 Rxd6 25. exd6 Rd8 26. Nxa6 Rxd6 27. Nc5 Bd5 28. a4 bxa4 29. Nxa4+ Kb7 30. g3 Rf6 31. Nd2 Rf2 32. Re1 Ng2 0-1

[Event "Titled Tuesday intern op 16th Feb"]
[Site "Chess.com INT"]
[Date "2021.02.16"]
[Round "2"]
[White "Willathgamuwa, Kevin"]
[Black "Perez Gormaz, Matias Ariel"]
[Result "0-1"]
[WhiteElo "2062"]
[BlackElo "2413"]
[PlyCount "56"]
[EventDate "2021.02.16"]
[EventType "swiss (blitz)"]
[EventRounds "11"]
[EventCountry "USA"]
[SourceTitle "EXT 2022"]
[Source "ChessBase"]
[SourceDate "2021.10.06"]
[SourceVersion "1"]
[SourceVersionDate "2021.10.06"]
[SourceQuality "1"]

1. e4 c5 2. c3 Nf6 3. e5 Nd5 4. d4 cxd4 5. Nf3 Nc6 6. cxd4 d6 7. Bc4 Nb6 8. Bb5 dxe5 9. Nxe5 Bd7 10. Bxc6 bxc6 11. 0-0 e6 12. Qf3 Qf6 13. Nc3 Qxf3 14. Nxf3 c5 15. dxc5 Bxc5 16. Ne4 Be7 17. Bf4 f6 18. Nd6+ Bxd6 19. Bxd6 Nd5 20. Rac1 Kf7 21. b3 Rhc8 22. Rfd1 Nc3 23. Rxc3 Rxc3 24. Ne5+ fxe5 25. Bxe5 Rc5 26. Rxd7+ Ke8 27. Rc7 Rxe5 28. Rxg7 Re1# 0-1

[Event "Titled Tuesday intern op 09th Feb"]
[Site "Chess.com INT"]
[Date "2021.02.09"]
[Round "10"]
[White "Hryzlova, Sofiia"]
[Black "Willathgamuwa, Kevin"]
[Result "1-0"]
[WhiteElo "2186"]
[BlackElo "2062"]
[PlyCount "37"]
[EventDate "2021.02.09"]
[EventType "swiss (blitz)"]
[EventRounds "11"]
[EventCountry "USA"]
[SourceTitle "EXT 2022"]
[Source "ChessBase"]
[SourceDate "2021.10.06"]
[SourceVersion "1"]
[SourceVersionDate "2021.10.06"]
[SourceQuality "1"]

1. e4 e6 2. Qe2 b6 3. Nf3 Bb7 4. g3 Nf6 5. e5 Ne4 6. Bg2 Ng5 7. Nh4 Bxg2 8. Nxg2 h6 9. d4 c5 10. c3 Nc6 11. Be3 Rc8 12. 0-0 d6 13. h4 Nh7 14. Na3 dxe5 15. dxe5 Nxe5 16. Rad1 Qf6 17. Bf4 Ng6 18. Qb5+ Ke7 19. Qd7# 1-0

[Event "Titled Tuesday intern op 09th Feb"]
[Site "Chess.com INT"]
[Date "2021.02.09"]
[Round "8"]
[White "Ortez, Andrea"]
[Black "Willathgamuwa, Kevin"]
[Result "0-1"]
[WhiteElo "1969"]
[BlackElo "2062"]
[PlyCount "114"]
[EventDate "2021.02.09"]
[EventType "swiss (blitz)"]
[EventRounds "11"]
[EventCountry "USA"]
[SourceTitle "EXT 2022"]
[Source "ChessBase"]
[SourceDate "2021.10.06"]
[SourceVersion "1"]
[SourceVersionDate "2021.10.06"]
[SourceQuality "1"]

1. e4 e6 2. d4 d5 3. Nd2 c5 4. exd5 exd5 5. c3 Nc6 6. dxc5 Bxc5 7. Nb3 Bb6 8. Nf3 Nf6 9. h3 Ne4 10. Nbd4 0-0 11. Bd3 Re8 12. 0-0 a6 13. Be3 Bc7 14. Nxc6 bxc6 15. Bxe4 dxe4 16. Qxd8 Rxd8 17. Nd4 Bb7 18. Rfd1 g6 19. Nb3 Rd5 20. Rxd5 cxd5 21. Bd4 a5 22. Nc5 Bc6 23. Rd1 f5 24. g3 Kf7 25. h4 Bd6 26. Be3 Rb8 27. Rd2 Be5 28. Nb3 a4 29. Nd4 Bd7 30. a3 Kg7 31. Kh2 h6 32. Kg2 Bf6 33. Nc2 Be6 34. Nb4 Rb5 35. Nc6 Bf7 36. Nd4 Rb7 37. Nc6 g5 38. hxg5 hxg5 39. Bd4 Kg6 40. Bxf6 Kxf6 41. Nb4 Ke5 42. Nc6+ Kd6 43. Nd4 Be6 44. Nxe6 Kxe6 45. Kf1 Ke5 46. Ke2 f4 47. gxf4+ gxf4 48. f3 e3 49. Rc2 Rh7 50. Kd3 Rh1 51. c4 Rd1+ 52. Ke2 Rh1 53. cxd5 Rh2+ 54. Kd3 Rxc2 55. Kxc2 Kxd5 56. Kd3 Kc5 57. Kc2 Kc4 0-1

[Event "Titled Tuesday intern op 09th Feb"]
[Site "Chess.com INT"]
[Date "2021.02.09"]
[Round "5"]
[White "Willathgamuwa, Kevin"]
[Black "Deviprasath, Sharvesh"]
[Result "0-1"]
[WhiteElo "2062"]
[BlackElo "1965"]
[PlyCount "126"]
[EventDate "2021.02.09"]
[EventType "swiss (blitz)"]
[EventRounds "11"]
[EventCountry "USA"]
[SourceTitle "EXT 2022"]
[Source "ChessBase"]
[SourceDate "2021.10.06"]
[SourceVersion "1"]
[SourceVersionDate "2021.10.06"]
[SourceQuality "1"]

1. e4 g6 2. Nf3 Bg7 3. g3 c5 4. Bg2 d6 5. 0-0 Nc6 6. d3 e5 7. Nbd2 Nge7 8. Re1 h6 9. Nf1 Be6 10. c3 0-0 11. a4 b6 12. Ne3 Qd7 13. Qc2 f5 14. Nd2 f4 15. Nd5 g5 16. Nc4 Rf7 17. gxf4 exf4 18. Nxe7+ Nxe7 19. f3 d5 20. exd5 Bxd5 21. Ne5 Bxe5 22. Rxe5 Nf5 23. Bd2 Nh4 24. Be1 Nxf3+ 25. Bxf3 Bxf3 26. Qf2 Qg4+ 27. Kf1 Rd8 28. d4 cxd4 29. cxd4 Bb7 30. Bc3 Ba6+ 31. Ke1 Rdd7 32. Kd2 Rfe7 33. Rae1 Rxe5 34. Rxe5 Qh3 35. Kc1 Qd3 36. Qe1 Qf1 37. Qxf1 Bxf1 38. Kd2 Bc4 39. Ke1 Kf7 40. Kf2 Re7 41. Kf3 Rxe5 42. dxe5 Ke6 43. Kg4 Be2+ 44. Kh3 Kf5 45. b4 g4+ 46. Kg2 h5 47. a5 bxa5 48. bxa5 a6 49. Kf2 Bb5 50. Kg2 h4 51. Kf2 h3 52. Kg1 g3 53. hxg3 fxg3 54. Be1 h2+ 55. Kg2 Bc6+ 56. Kxg3 h1Q 57. Kf2 Ke6 58. Ke3 Qe4+ 59. Kd2 Qxe5 60. Bf2 Qxa5+ 61. Ke2 Qa2+ 62. Kf1 Bb5+ 63. Ke1 Qe2# 0-1

[Event "AUS-ch"]
[Site "Cammeray"]
[Date "2018.01.11"]
[Round "10"]
[White "Willathgamuwa, Kevin"]
[Black "Wright, Neil"]
[Result "1/2-1/2"]
[WhiteElo "2113"]
[BlackElo "2126"]
[PlyCount "112"]
[EventDate "2018.01.02"]
[EventType "swiss"]
[EventRounds "11"]
[EventCountry "AUS"]
[SourceTitle "CBM 182 Extra"]
[Source "ChessBase"]
[SourceDate "2018.02.23"]
[SourceVersion "1"]
[SourceVersionDate "2018.02.23"]
[SourceQuality "1"]

1. e4 c5 2. c3 d5 3. exd5 Nf6 4. Nf3 Nxd5 5. d4 e6 6. Be2 cxd4 7. Nxd4 Bc5 8. 0-0 0-0 9. Bf3 Nd7 10. Bxd5 exd5 11. Nb3 Bd6 12. Qxd5 Nf6 13. Qd4 Qc7 14. Qh4 Re8 15. N1d2 Re5 16. Qc4 Qe7 17. Nf3 Rh5 18. Nbd4 Qe4 19. Qe2 Qg4 20. Re1 b6 21. h4 Bb7 22. Bg5 Ne4 23. Nd2 Qxe2 24. Rxe2 Nxg5 25. hxg5 Bh2+ 26. Kf1 Be5 27. Kg1 Bxd4 28. cxd4 Rxg5 29. f3 Rd5 30. Re7 Bc6 31. Rc1 Rxd4 32. Rxc6 Rxd2 33. Rxa7 Re8 34. Re7 Rf8 35. Rxb6 g6 36. Rbb7 Rc8 37. Rxf7 Rcc2 38. Rg7+ Kf8 39. Rxh7 Rxg2+ 40. Kh1 Kg8 41. Rhd7 Rh2+ 42. Kg1 Rcg2+ 43. Kf1 Rf2+ 44. Ke1 Rxf3 45. Rd8+ Rf8 46. Rxf8+ Kxf8 47. a4 Ke8 48. a5 Kd8 49. b4 Kc8 50. a6 g5 51. Rg7 Kb8 52. b5 Rb2 53. Rxg5 Ka7 54. Rg7+ Kb8 55. Rb7+ Ka8 56. Kd1 Rd2+ 1/2-1/2

[Event "AUS-ch"]
[Site "Cammeray"]
[Date "2018.01.05"]
[Round "5"]
[White "Kethro, Michael"]
[Black "Willathgamuwa, Kevin"]
[Result "1-0"]
[WhiteElo "2195"]
[BlackElo "2113"]
[PlyCount "101"]
[EventDate "2018.01.02"]
[EventType "swiss"]
[EventRounds "11"]
[EventCountry "AUS"]
[SourceTitle "CBM 182 Extra"]
[Source "ChessBase"]
[SourceDate "2018.02.23"]
[SourceVersion "1"]
[SourceVersionDate "2018.02.23"]
[SourceQuality "1"]

1. d4 Nf6 2. c4 e5 3. dxe5 Ng4 4. Bf4 Nc6 5. Nf3 Bb4+ 6. Nbd2 Qe7 7. a3 Ngxe5 8. Nxe5 Nxe5 9. e3 Bc5 10. b4 Bd4 11. Ra2 d6 12. Be2 0-0 13. 0-0 Bb6 14. Nf3 c6 15. Rd2 Bc7 16. Qc2 Qf6 17. Rfd1 Bf5 18. Qb2 Rfe8 19. h3 Rad8 20. Nxe5 dxe5 21. Rxd8 Rxd8 22. Rxd8+ Qxd8 23. Bxe5 Bxe5 24. Qxe5 g6 25. Qd4 Qa8 26. Bf3 a5 27. b5 cxb5 28. cxb5 Qc8 29. b6 Qc1+ 30. Kh2 Qxa3 31. Qd8+ Kg7 32. Qd4+ f6 33. Bxb7 Qe7 34. Bf3 Bc8 35. Qd5 a4 36. b7 Qc7+ 37. g3 a3 38. bxc8Q Qxc8 39. Qa5 Qc1 40. Kg2 Qb2 41. Bd5 Qe5 42. Qa8 Qd6 43. Qg8+ Kh6 44. Qf7 Qc5 45. Qd7 Qf8 46. h4 f5 47. Kh2 Qb8 48. Qe7 a2 49. Qg5+ Kg7 50. Qe7+ Kh6 51. Qa3 1-0